Plant pathology / (Record no. 20760)

000 -LEADER
fixed length control field 00510cam a22001814a 4500
020 ## - INTERNATIONAL STANDARD BOOK NUMBER
ISBN 0120445654 (alk. paper)
020 ## - INTERNATIONAL STANDARD BOOK NUMBER
ISBN 9780120445653 (alk. paper)
040 ## - CATALOGING SOURCE
Transcribing agency COO
082 00 - DEWEY DECIMAL CLASSIFICATION NUMBER
Classification number 571 AGR 2005 A118 Or.
100 1# - MAIN ENTRY--AUTHOR NAME
Personal name Agrios, George N.,
245 10 - TITLE STATEMENT
Title Plant pathology /
250 ## - EDITION STATEMENT
Edition statement 5th ed.
260 ## - PUBLICATION, DISTRIBUTION, ETC. (IMPRINT)
Place of publication Amsterdam ;
-- Boston :
Name of publisher Elsevier Academic Press,
Year of publication 2005.
300 ## - PHYSICAL DESCRIPTION
Number of Pages xxiii, 922 p. :
Other physical details ill. (chiefly col.) ;
Dimensions 29 cm.
650 #0 - SUBJECT ADDED ENTRY--TOPICAL TERM
Topical Term Plant diseases.
650 #4 - SUBJECT ADDED ENTRY--TOPICAL TERM
Topical Term Plant Pathology.
942 ## - ADDED ENTRY ELEMENTS (KOHA)
Koha item type ADB
952 ## - LOCATION AND ITEM INFORMATION (KOHA)
Withdrawn status [LOCAL, KOHA] 0
Holdings
Permanent Location Date acquired Koha item type Lost status Shelving location Barcode Current Location Full call number
Library Block A2022-11-24ADB A118a069887Library Block A571 AGR 2005 A118 Or.
មជ្ឈមណ្ឌលឯការនៃសាកលវិទ្យាល័យភូមិន្ទកសិកម្មចំការដូង

Powered by Koha